The Language of Literature: British Literature / (Record no. 616783)

000 -LEADER
fixed length control field 00379nam a22001337a 4500
020 ## - INTERNATIONAL STANDARD BOOK NUMBER
Qualifying information HB.
040 ## - CATALOGING SOURCE
Transcribing agency FIZZA ISHAQ
082 ## - DEWEY DECIMAL CLASSIFICATION NUMBER
Classification number 808.8
Author Mark LIT
100 ## - MAIN ENTRY--PERSONAL NAME
Personal name LITTEL , MCDOUGAL.
9 (RLIN) 133815
245 ## - TITLE STATEMENT
Title The Language of Literature: British Literature /
Statement of responsibility, etc. MCDOUGAL LITTEL.
260 ## - PUBLICATION, DISTRIBUTION, ETC.
Place of publication, distribution, etc. New York:
Name of publisher, distributor, etc. MCDOUGAL LITTEL,
Date of publication, distribution, etc. 2006.
300 ## - PHYSICAL DESCRIPTION
Extent 1544 P. ;
Dimensions 8 x 2 x 10 inches
942 ## - ADDED ENTRY ELEMENTS (KOHA)
Source of classification or shelving scheme
Koha item type Book
Holdings
Withdrawn status Lost status Source of classification or shelving scheme Damaged status Not for loan Permanent Location Current Location Shelving location Date acquired Total Checkouts Full call number Barcode Date last seen Price effective from Koha item type
          NUST Baluchistan Campus (NBC) NUST Baluchistan Campus (NBC) General Stacks 04/01/2026   808.8 LIT QD-179 04/01/2026 04/01/2026 Book
© 2023 Central Library, National University of Sciences and Technology. All Rights Reserved.